[Event "Mechanics' Peter Grey TNM; 30/90, SD/30"]
[Site "San Francisco"]
[Date "2010.08.03"]
[Round "1.1"]
[White "Abraham, Renjish"]
[Black "Lee, Andy"]
[Result "0-1"]
[WhiteElo "1821"]
[BlackElo "2324"]
[PlyCount "48"]
[EventDate "2010.??.??"]

1. d4 Nf6 2. c4 c5 3. d5 b5 4. b3 Bb7 5. Nd2 g6 6. Bb2 Bg7 7. Qc2 O-O 8. e4 e6
9. dxe6 fxe6 10. f3 d5 11. cxd5 exd5 12. Bxb5 dxe4 13. Bc4+ Kh8 14. O-O-O Nc6
15. Nxe4 Qe7 16. Bxf6 Bxf6 17. Nxf6 Qxf6 18. Qb2 Ne5 19. Bd5 Rab8 20. Bxb7 Rxb7
21. Rd5 Re8 22. Kd1 Qe6 23. Rd2 Kg8 24. Re2 Nc4 0-1

[Event "Mechanics' Peter Grey TNM; 30/90, SD/30"]
[Site "San Francisco"]
[Date "2010.08.17"]
[Round "3.12"]
[White "Abraham, Renjish"]
[Black "Lopez, Jorge"]
[Result "0-1"]
[WhiteElo "1821"]
[BlackElo "2190"]
[PlyCount "80"]
[EventDate "2010.??.??"]

1. d4 Nf6 2. c4 e6 3. Nc3 Bb4 4. e3 b6 5. Nf3 Bxc3+ 6. bxc3 O-O 7. Bd3 Qe7 8.
e4 h6 9. O-O d6 10. Re1 e5 11. d5 Nfd7 12. Be3 a5 13. Nd2 Na6 14. f4 exf4 15.
Bxf4 Nac5 16. Bc2 Ne5 17. Re3 Ng6 18. Qf3 Nd7 19. Qg3 Nde5 20. Bd1 Ba6 21. Be2
Qd7 22. a4 Rae8 23. h3 Nxf4 24. Qxf4 f5 25. exf5 Rxf5 26. Qd4 Ref8 27. Ne4 Rf4
28. Kh2 Kh8 29. Kg1 Qe8 30. Kh2 Bc8 31. g3 R4f5 32. Kg2 Bd7 33. Bd1 Rf1 34. Ra2
Qc8 35. Nf2 R8xf2+ 36. Rxf2 Bxh3+ 37. Kh2 Rxf2+ 38. Kg1 Rf1+ 39. Kh2 Rxd1 40.
Qxd1 Ng4+ 0-1

[Event "Mechanics' Peter Grey TNM; 30/90, SD/30"]
[Site "San Francisco"]
[Date "2010.09.07"]
[Round "6.18"]
[White "Abraham, Renjish"]
[Black "Montoya, Daniel"]
[Result "1-0"]
[WhiteElo "1821"]
[BlackElo "1483"]
[PlyCount "93"]
[EventDate "2010.??.??"]

1. d4 f5 2. c4 Nf6 3. Nc3 e6 4. g3 Be7 5. Bg2 O-O 6. Nf3 d6 7. O-O Qe8 8. Rb1
Qh5 9. Re1 Ne4 10. Qd3 Qg6 11. Nd2 Nxc3 12. Qxc3 Bf6 13. e3 Nc6 14. Qd3 e5 15.
d5 e4 16. Qc2 Nb4 17. Qb3 Nd3 18. Rd1 b6 19. Bf1 Nc5 20. Qc2 Nd7 21. b4 Ne5 22.
Bb2 Bd7 23. Be2 Qe8 24. Bxe5 dxe5 25. Re1 g5 26. Rbc1 Rd8 27. c5 f4 28. Nxe4
Bf5 29. Nxf6+ Rxf6 30. e4 Bh3 31. f3 fxg3 32. hxg3 Bc8 33. Kg2 Qf8 34. Qc3 g4
35. Rh1 gxf3+ 36. Bxf3 Rd7 37. Rcf1 Rdf7 38. Rf2 Qe7 39. Qe3 Rg7 40. Bh5 Bd7
41. Rxf6 Qxf6 42. Qf3 Qe7 43. c6 Bc8 44. b5 Qg5 45. Rf1 Qd2+ 46. Rf2 Qg5 47.
Qf8# 1-0

[Event "Mechanics' Peter Grey TNM; 30/90, SD/30"]
[Site "San Francisco"]
[Date "2010.09.21"]
[Round "8.11"]
[White "Abraham, Renjish"]
[Black "Urquhart, Joe"]
[Result "0-1"]
[WhiteElo "1821"]
[BlackElo "2028"]
[PlyCount "70"]
[EventDate "2010.??.??"]

1. d4 Nf6 2. c4 g6 3. Nc3 d6 4. e4 Nbd7 5. f4 e5 6. fxe5 dxe5 7. dxe5 Nxe5 8.
Qxd8+ Kxd8 9. Bf4 Nfd7 10. O-O-O Ng4 11. Nh3 c6 12. Be2 h5 13. Bxg4 hxg4 14.
Ng5 Ke8 15. e5 Nc5 16. Nce4 Nxe4 17. Nxe4 Be7 18. Rhe1 Be6 19. Nd6+ Kf8 20. b3
Kg7 21. Kb2 b6 22. Rf1 a6 23. Rd2 Rab8 24. g3 Rh5 25. Rff2 c5 26. Ne4 b5 27.
Nf6 Rhh8 28. Nd5 Bd8 29. cxb5 axb5 30. Be3 Ba5 31. Nc3 c4 32. Rd1 Bc7 33. Bd4
Rhd8 34. b4 Rxd4 35. Rxf7+ Bxf7 0-1

[Event "Mechanics' Peter Grey TNM; 30/90, SD/30"]
[Site "San Francisco"]
[Date "2010.09.28"]
[Round "9.18"]
[White "Allen, Tom"]
[Black "Chalissery, Jossy"]
[Result "0-1"]
[WhiteElo "1542"]
[BlackElo "1689"]
[PlyCount "66"]
[EventDate "2010.??.??"]

1. e4 b6 2. d4 Bb7 3. Nc3 e6 4. a3 c5 5. Nf3 cxd4 6. Nxd4 Nf6 7. Bd3 Nc6 8. Nf3
Be7 9. O-O O-O 10. e5 Ne8 11. Ne4 d5 12. Neg5 h6 13. Nh3 Nc7 14. Re1 Ba6 15.
Bxa6 Nxa6 16. b4 Nc7 17. Bd2 Nb5 18. Nf4 Nbd4 19. Nxd4 Nxd4 20. Bc1 Nf5 21. Bb2
Rc8 22. Qe2 Rc4 23. Qd2 Bg5 24. g3 Bxf4 25. gxf4 Qh4 26. Bc1 Qg4+ 27. Kf1 Nh4
28. Re3 Nf3 29. Qd3 Qg1+ 30. Ke2 Nd4+ 31. Kd2 Rxc2+ 32. Qxc2 Nxc2 33. Kxc2
Qxf2+ 0-1

[Event "Mechanics' Peter Grey TNM; 30/90, SD/30"]
[Site "San Francisco"]
[Date "2010.08.31"]
[Round "5.30"]
[White "Allen, Tom"]
[Black "Frank, Robert"]
[Result "1-0"]
[WhiteElo "1542"]
[BlackElo "1353"]
[PlyCount "97"]
[EventDate "2010.??.??"]

1. e4 e5 2. Nf3 Nf6 3. Nxe5 d6 4. Nxf7 Kxf7 5. d4 Be7 6. Nc3 c6 7. Bc4+ d5 8.
exd5 cxd5 9. Bb3 Bg4 10. f3 Be6 11. Qd3 Nc6 12. Bf4 Na5 13. O-O Nxb3 14. axb3
Bd6 15. Ne2 Qd7 16. c4 Bf5 17. Qc3 Rhe8 18. Bxd6 Qxd6 19. Ng3 Bd7 20. c5 Qc7
21. b4 b6 22. Qb3 b5 23. Ne4 Qc6 24. Nd6+ Kg8 25. Nxe8 Nxe8 26. Rfe1 a6 27. Re5
Nc7 28. Rae1 a5 29. bxa5 Rxa5 30. Qc2 Ra4 31. Qd2 Ne6 32. b4 Ra8 33. f4 Rf8 34.
f5 Nc7 35. g4 h5 36. Qg5 hxg4 37. Rf1 Ne8 38. Qxg4 g6 39. Qxg6+ Qxg6+ 40. fxg6
Nf6 41. h4 Be8 42. h5 Kg7 43. Kg2 Ng4 44. Rxf8 Kxf8 45. Rf5+ Kg7 46. Kf3 Nf6
47. Kf4 Bc6 48. Ke5 Bd7 49. Rxf6 1-0

[Event "Mechanics' Peter Grey TNM; 30/90, SD/30"]
[Site "San Francisco"]
[Date "2010.09.07"]
[Round "6.24"]
[White "Allen, Tom"]
[Black "Morgan, Jerry"]
[Result "1-0"]
[WhiteElo "1542"]
[BlackElo "1475"]
[PlyCount "59"]
[EventDate "2010.??.??"]

1. e4 c6 2. Nf3 d5 3. Nc3 Bg4 4. h3 Bh5 5. d4 dxe4 6. Nxe4 e5 7. Bc4 Nd7 8. Qd3
Bg6 9. dxe5 Qa5+ 10. Bd2 Qb6 11. Qe2 O-O-O 12. O-O Qc7 13. Neg5 Nh6 14. e6 Nf6
15. Ne5 Rxd2 16. Qxd2 Qxe5 17. Rfe1 Qc7 18. Rad1 Bc5 19. exf7 Nxf7 20. Ne6 Qd6
21. Qe2 Qe7 22. Qf3 Ne4 23. Nxc5 Qxc5 24. Bxf7 Rf8 25. Be6+ Kc7 26. Qe3 Qxe3
27. Rxe3 Nc5 28. Bb3 Rd8 29. Re7+ Nd7 30. Be6 1-0

[Event "Mechanics' Peter Grey TNM; 30/90, SD/30"]
[Site "San Francisco"]
[Date "2010.08.17"]
[Round "3.21"]
[White "Allen, Tom"]
[Black "Sherwood, Peter"]
[Result "0-1"]
[WhiteElo "1542"]
[BlackElo "1801"]
[PlyCount "120"]
[EventDate "2010.??.??"]

1. e4 c6 2. d4 d5 3. Nc3 dxe4 4. Nxe4 Nd7 5. Bc4 Ngf6 6. Qf3 e6 7. Bg5 Be7 8.
Nxf6+ Nxf6 9. Ne2 O-O 10. O-O Qc7 11. c3 b6 12. Nf4 Bd7 13. Bd3 Rfe8 14. Bxf6
Bxf6 15. Nh5 Be7 16. Nxg7 Kxg7 17. Qg4+ Kh8 18. Qh5 f5 19. Qf7 Qd8 20. Rfe1 Rf8
21. Qh5 Qe8 22. Qh6 Qg6 23. Qf4 Rg8 24. Qf3 Bd6 25. h3 Qg5 26. Bc4 Rg6 27. Bf1
Qf4 28. Qxf4 Bxf4 29. g3 Bd6 30. Bg2 Rc8 31. Rad1 Kg7 32. Rd3 Kf7 33. f4 Rc7
34. Kf2 c5 35. d5 Ke7 36. c4 Rc8 37. h4 Bb8 38. Bh3 Kf7 39. Bg2 Re8 40. Bf3 Rh6
41. Rde3 Bd6 42. Kg2 Re7 43. Kh3 exd5 44. Bxd5+ Be6 45. b3 Bxd5 46. Rxe7+ Bxe7
47. cxd5 Bd6 48. Rf1 Rg6 49. h5 Rf6 50. g4 fxg4+ 51. Kxg4 h6 52. f5 b5 53. Re1
a5 54. Re4 Be7 55. Kf4 Ke8 56. Ke5 Kd7 57. Rg4 Rd6 58. Rg6 c4 59. bxc4 bxc4 60.
f6 Bxf6+ 0-1

[Event "Mechanics' Peter Grey TNM; 30/90, SD/30"]
[Site "San Francisco"]
[Date "2010.08.31"]
[Round "5.22"]
[White "Bertot, German"]
[Black "Byambaa, Uyanga"]
[Result "0-1"]
[WhiteElo "1551"]
[BlackElo "1772"]
[PlyCount "82"]
[EventDate "2010.??.??"]

1. d4 f5 2. Nf3 Nf6 3. e3 g6 4. g3 Bg7 5. Nc3 d6 6. Bg2 O-O 7. O-O c6 8. b3 Qe8
9. Bb2 e5 10. d5 c5 11. Rb1 Na6 12. Nd2 Nc7 13. e4 f4 14. f3 fxg3 15. hxg3 Nh5
16. Ne2 Bh6 17. Nc4 Qd8 18. Bc1 Bg7 19. Qd2 Nb5 20. c3 a6 21. a4 Nc7 22. Qg5
Bf6 23. Qd2 Ne8 24. b4 b5 25. axb5 axb5 26. Na3 cxb4 27. Rxb4 Qb6+ 28. Kh2 Nc7
29. c4 Bd7 30. cxb5 Rfb8 31. Rb1 Nxb5 32. Nxb5 Bxb5 33. Nc3 Qc5 34. Nxb5 Rxb5
35. Ba3 Rxa3 36. Rxb5 Qxb5 37. Rc1 Qb7 38. Rc3 Ra6 39. Rc2 Bd8 40. Bh3 Ra8 41.
Rc3 Qb6 0-1

[Event "Mechanics' Peter Grey TNM; 30/90, SD/30"]
[Site "San Francisco"]
[Date "2010.08.03"]
[Round "1.11"]
[White "Bertot, German"]
[Black "Jones, James"]
[Result "0-1"]
[WhiteElo "1551"]
[BlackElo "2094"]
[PlyCount "64"]
[EventDate "2010.??.??"]

1. d4 Nf6 2. c4 c5 3. d5 Ne4 4. Nd2 Qa5 5. Qc2 Nf6 6. e4 d6 7. Bd3 g6 8. Ngf3
Bg7 9. O-O Na6 10. a3 Nb4 11. Qb1 Nxd3 12. Qxd3 O-O 13. Rb1 Bd7 14. b4 cxb4 15.
axb4 Qc7 16. Bb2 b5 17. cxb5 Qb7 18. Nd4 a6 19. Nc6 Rfe8 20. bxa6 Rxa6 21. b5
Ra2 22. Bd4 e6 23. Be3 exd5 24. exd5 Bf5 25. Qb3 Bxb1 26. Nc4 Rea8 27. Nxd6 Qd7
28. Bc5 Bc2 29. Qf3 Ra1 30. b6 Rxf1+ 31. Kxf1 Ra1+ 32. Ke2 Bd1+ 0-1

[Event "Mechanics' Peter Grey TNM; 30/90, SD/30"]
[Site "San Francisco"]
[Date "2010.09.21"]
[Round "8.20"]
[White "Bertot, German"]
[Black "Newey, Richard"]
[Result "1/2-1/2"]
[WhiteElo "1551"]
[BlackElo "1762"]
[PlyCount "147"]
[EventDate "2010.??.??"]

1. d4 c6 2. c4 d5 3. cxd5 cxd5 4. Nc3 Nf6 5. Nf3 Nc6 6. h3 Bf5 7. Bg5 e6 8. e3
Bd6 9. Bd3 Bxd3 10. Qxd3 O-O 11. O-O Rc8 12. a3 a6 13. e4 dxe4 14. Nxe4 Be7 15.
Rfd1 Nd5 16. Bxe7 Ncxe7 17. Nc5 Rc7 18. Rac1 Qc8 19. Ng5 Ng6 20. b4 b6 21. Nb3
Rc3 22. Rxc3 Qxc3 23. Nc1 Qxd3 24. Nxd3 h6 25. Nf3 Rc8 26. Rc1 Rc3 27. Rxc3
Nxc3 28. Kf1 Ne7 29. Nde5 Nf5 30. Nd7 Nd5 31. Nfe5 Nxd4 32. Nc4 b5 33. Nd6 Nc2
34. Nb8 Nc7 35. Nb7 Nxa3 36. Nc5 Kf8 37. Nbxa6 Nxa6 38. Nxa6 Ke7 39. Ke2 Kd6
40. Kd3 Nc4 41. Kd4 f6 42. Nc5 e5+ 43. Ke4 Na3 44. Nb7+ Kc7 45. Nc5 Nc2 46.
Ne6+ Kd6 47. Nxg7 Nxb4 48. Nf5+ Ke6 49. Nxh6 Nd5 50. g3 Ne7 51. Kd3 Kd5 52. Ng4
e4+ 53. Kc3 f5 54. Ne3+ Ke5 55. Kb4 f4 56. Ng4+ Kf5 57. Kxb5 fxg3 58. fxg3 Ng6
59. Ne3+ Ke5 60. Kc4 Nf8 61. Kc3 Ne6 62. Kd2 Ng7 63. h4 Nh5 64. Nf1 Kf5 65. Ke3
Nf6 66. Nh2 Nd5+ 67. Ke2 Nf6 68. Nf1 Kg4 69. Kf2 Kh3 70. Nd2 Kg4 71. Nf1 Kh3
72. Ne3 Nh5 73. Nf5 Nxg3 74. Nxg3 1/2-1/2

[Event "Mechanics' Peter Grey TNM; 30/90, SD/30"]
[Site "San Francisco"]
[Date "2010.09.14"]
[Round "7.25"]
[White "Bertot, German"]
[Black "Rakonitz, David"]
[Result "1-0"]
[WhiteElo "1551"]
[BlackElo "1377"]
[PlyCount "69"]
[EventDate "2010.??.??"]

1. d4 Nf6 2. c4 e6 3. Nc3 Bb4 4. Qc2 c5 5. dxc5 Nc6 6. Bd2 Bxc5 7. Nf3 O-O 8.
Bg5 Be7 9. e3 h6 10. Bh4 b6 11. Bd3 Nb4 12. Qe2 Nxd3+ 13. Qxd3 Bb7 14. Rd1 d6
15. e4 Ne8 16. Bxe7 Qxe7 17. O-O Bc6 18. Nd4 Qb7 19. Nxc6 Qxc6 20. Nb5 Qb7 21.
Rfe1 Rd8 22. Qa3 a6 23. Nxd6 Nxd6 24. Rxd6 Rc8 25. Qd3 Qc7 26. b3 e5 27. Rd1
Rfe8 28. Qd5 Kf8 29. Rd7 Qxd7 30. Qxd7 b5 31. cxb5 axb5 32. Qxb5 f6 33. Qb4+
Kg8 34. h3 Rb8 35. Qc4+ 1-0

[Event "Mechanics' Peter Grey TNM; 30/90, SD/30"]
[Site "San Francisco"]
[Date "2010.09.14"]
[Round "7.19"]
[White "Byambaa, Uyanga"]
[Black "Allen, Tom"]
[Result "0-1"]
[WhiteElo "1772"]
[BlackElo "1542"]
[PlyCount "48"]
[EventDate "2010.??.??"]

1. e4 e5 2. Nf3 Nc6 3. Bb5 f5 4. d3 Nf6 5. O-O Bc5 6. Bxc6 dxc6 7. Nxe5 fxe4 8.
Bg5 Bd4 9. Nc4 b5 10. c3 bxc4 11. cxd4 cxd3 12. Nc3 O-O 13. Nxe4 Qxd4 14. Nxf6+
gxf6 15. Bh6 Re8 16. Qf3 Qd6 17. Rad1 Rd8 18. Bf4 Qd5 19. Qg3+ Kf7 20. Qh4 $2
Bf5 21. Bxc7 Re8 22. Qh5+ Kg8 (22... Bg6) 23. g4 Qf3 $4 24. h3 $4 Be4 0-1

[Event "Mechanics' Peter Grey TNM; 30/90, SD/30"]
[Site "San Francisco"]
[Date "2010.09.07"]
[Round "6.13"]
[White "Byambaa, Uyanga"]
[Black "Gray, William"]
[Result "0-1"]
[WhiteElo "1772"]
[BlackElo "2026"]
[PlyCount "32"]
[EventDate "2010.??.??"]

1. e4 c5 2. Nf3 d6 3. d4 Nf6 4. Bd3 cxd4 5. Nxd4 g6 6. O-O Bg7 7. c3 O-O 8. h3
Nbd7 9. Nd2 d5 10. Re1 Nc5 11. Bc2 dxe4 12. Nxe4 Ncxe4 13. Bxe4 Nxe4 14. Rxe4
e5 15. Qe2 exd4 16. cxd4 Bf5 0-1

[Event "Mechanics' Peter Grey TNM; 30/90, SD/30"]
[Site "San Francisco"]
[Date "2010.09.07"]
[Round "6.25"]
[White "Capdeville, Barry"]
[Black "Mar, Henry"]
[Result "1-0"]
[WhiteElo "1334"]
[BlackElo "1562"]
[PlyCount "67"]
[EventDate "2010.??.??"]

1. e4 c5 2. Nf3 Nc6 3. c3 d6 4. d4 cxd4 5. cxd4 a6 6. Nc3 b5 7. b3 e6 8. Be2 d5
9. e5 Bd7 10. O-O b4 11. Na4 Nge7 12. Nc5 Bc8 13. Be3 Ng6 14. Qc2 Qb6 15. Qb2
Bxc5 16. dxc5 Qc7 17. Bd4 O-O 18. Bd3 Nce7 19. Qd2 a5 20. Rae1 Nc6 21. Qg5 Nxd4
22. Nxd4 Qxc5 23. Nb5 Ba6 24. Rc1 Qb6 25. Bxg6 fxg6 26. Nd6 Bxf1 27. Rxf1 Rxf2
28. Rxf2 Rf8 29. Qd2 g5 30. g3 h5 31. Kg2 Ra8 32. Qxg5 d4 33. Rf7 Qc6+ 34. Kh3
1-0

[Event "Mechanics' Peter Grey TNM; 30/90, SD/30"]
[Site "San Francisco"]
[Date "2010.09.21"]
[Round "8.25"]
[White "Capdeville, Barry"]
[Black "Rakonitz, David"]
[Result "0-1"]
[WhiteElo "1334"]
[BlackElo "1377"]
[PlyCount "54"]
[EventDate "2010.??.??"]

1. e4 e6 2. d3 d5 3. Nd2 dxe4 4. Nxe4 Nd7 5. Nf3 Ngf6 6. Nxf6+ Nxf6 7. g3 b6 8.
Bg2 Bb7 9. O-O c5 10. c4 Bd6 11. Bg5 O-O 12. Re1 h6 13. Bxf6 Qxf6 14. Bh3 Bxf3
15. Qc2 Rfd8 16. Rab1 Be5 17. Bg2 Bd4 18. Bxf3 Qxf3 19. Re4 Qxf2+ 20. Qxf2
Bxf2+ 21. Kxf2 Rxd3 22. Ke2 Rad8 23. Kf1 Rd2 24. Re2 Rd1+ 25. Rxd1 Rxd1+ 26.
Kf2 Rd4 27. b3 Kf8 0-1

[Event "Mechanics' Peter Grey TNM; 30/90, SD/30"]
[Site "San Francisco"]
[Date "2010.08.03"]
[Round "1.19"]
[White "Capdeville, Barry"]
[Black "Sanguinetti, George"]
[Result "0-1"]
[WhiteElo "1334"]
[BlackElo "1940"]
[PlyCount "80"]
[EventDate "2010.??.??"]

1. e4 g6 2. Nf3 d6 3. d4 c6 4. c3 Bg7 5. Be2 Nh6 6. Nbd2 O-O 7. Nf1 f5 8. Ng3
f4 9. Nf1 e5 10. Qb3+ Kh8 11. dxe5 dxe5 12. Qc2 Be6 13. b3 Nf7 14. N1d2 Nd7 15.
Ba3 Re8 16. Nc4 Bf8 17. Bb2 b5 18. Ncd2 Qb6 19. b4 Be7 20. Nb3 Red8 21. O-O
Rac8 22. a3 Qc7 23. c4 a6 24. c5 g5 25. Nfd2 g4 26. f3 gxf3 27. Nxf3 Bf6 28.
Nc1 Re8 29. Bc3 Bg4 30. Be1 Bxf3 31. Bxf3 Re7 32. Nd3 Ng5 33. Qe2 Nf8 34. Bg4
Rd8 35. Bh4 Nxe4 36. Bxf6+ Nxf6 37. Bf5 Nd5 38. Rf3 Ne3 39. Be4 Ne6 40. Rh3 Ng5
0-1

[Event "Mechanics' Peter Grey TNM; 30/90, SD/30"]
[Site "San Francisco"]
[Date "2010.08.24"]
[Round "4.19"]
[White "Cendejas, Juan"]
[Black "Hilliard, Michael"]
[Result "1-0"]
[WhiteElo "1763"]
[BlackElo "1417"]
[PlyCount "33"]
[EventDate "2010.??.??"]

1. e4 c6 2. d4 d5 3. Nc3 dxe4 4. Nxe4 e6 5. Nf3 Nd7 6. Bd3 Ngf6 7. Bg5 Be7 8.
O-O O-O 9. Qe2 Nb6 10. Rad1 Nbd5 11. c4 Nc7 12. a3 Nce8 13. Bc2 Qb6 14. Rfe1
Qxb2 15. Nxf6+ Bxf6 16. Bxh7+ Kxh7 17. Qxb2 1-0

[Event "Mechanics' Peter Grey TNM; 30/90, SD/30"]
[Site "San Francisco"]
[Date "2010.08.31"]
[Round "5.13"]
[White "Cendejas, Juan"]
[Black "Klinetobe, David"]
[Result "1-0"]
[WhiteElo "1763"]
[BlackElo "2010"]
[PlyCount "157"]
[EventDate "2010.??.??"]

1. e4 c5 2. Nf3 Nc6 3. d4 cxd4 4. Nxd4 g6 5. Be3 Bg7 6. Be2 Nf6 7. Nc3 O-O 8.
Qd2 d5 9. exd5 Nb4 10. d6 Nbd5 11. Nxd5 Nxd5 12. Bh6 Qxd6 13. Bxg7 Kxg7 14.
O-O-O Nf6 15. f3 a6 16. g4 Qc7 17. h4 e5 18. Nb3 Be6 19. h5 Rfd8 20. Qe3 Rxd1+
21. Bxd1 Rd8 22. hxg6 fxg6 23. Qh6+ Kg8 24. g5 Nh5 25. Rxh5 Rxd1+ 26. Kxd1 Qd6+
27. Kc1 gxh5 28. g6 hxg6 29. Qxg6+ Kf8 30. Qxh5 Bf7 31. Qf5 Ke7 32. Nd2 Qd4 33.
Qg5+ Kd7 34. Ne4 Be6 35. c3 Qb6 36. b4 Bxa2 37. Nc5+ Ke8 38. Qxe5+ Kf7 39. Qf5+
Kg7 40. f4 Qg6 41. Qxg6+ Kxg6 42. Nxb7 Kf5 43. Nc5 Bc4 44. Kb2 Kxf4 45. Ka3 Ke3
46. Kb2 Kd2 47. Ne4+ Ke3 48. Nd6 Be6 49. Kc2 Kf4 50. Kd3 Ke5 51. Nb7 Kd5 52.
c4+ Ke5 53. Nc5 Bf5+ 54. Kc3 Bc8 55. Nd3+ Ke4 56. Nc5+ Ke5 57. Nb3 Bf5 58. Na5
Bd7 59. Kd3 Bf5+ 60. Ke3 Be6 61. Kd3 Bf5+ 62. Kc3 Bd7 63. c5 Kd5 64. Nc4 Bb5
65. Ne3+ Ke4 66. Nc2 Kd5 67. Nd4 Bf1 68. Nf5 Kc6 69. Nd4+ Kd5 70. Nb3 Bc4 71.
Na5 Bb5 72. Nb7 Kc6 73. Nd6 Kd5 74. Kb3 a5 75. Nxb5 axb4 76. Kxb4 Kc6 77. Kc4
Kb7 78. Kd5 Kc8 79. Kd6 1-0

[Event "Mechanics' Peter Grey TNM; 30/90, SD/30"]
[Site "San Francisco"]
[Date "2010.08.10"]
[Round "2.9"]
[White "Cendejas, Juan"]
[Black "Perepelitsky, Philipp"]
[Result "0-1"]
[WhiteElo "1763"]
[BlackElo "2099"]
[PlyCount "72"]
[EventDate "2010.??.??"]

1. e4 d6 2. d4 Nf6 3. Bd3 e5 4. d5 Be7 5. c4 c6 6. f4 exf4 7. Bxf4 O-O 8. h3
Nbd7 9. Nc3 Nc5 10. Bc2 Re8 11. Nf3 Ncxe4 12. O-O Nxc3 13. bxc3 cxd5 14. cxd5
Qa5 15. c4 Qc5+ 16. Qd4 Qxd4+ 17. Nxd4 Bd7 18. Rab1 Rac8 19. Bd3 b6 20. Rbc1 g6
21. Rce1 Nh5 22. Bh2 Ng7 23. g4 h5 24. Re4 hxg4 25. hxg4 Bg5 26. Bxd6 Rxe4 27.
Bxe4 Be3+ 28. Kg2 Bxd4 29. Bd3 Ne8 30. Be7 Bc5 31. Re1 Bxe7 32. Rxe7 Rc7 33.
Kg3 Kf8 34. Re1 Nd6 35. Rf1 Kg7 36. Rc1 Bb5 0-1

[Event "Mechanics' Peter Grey TNM; 30/90, SD/30"]
[Site "San Francisco"]
[Date "2010.09.14"]
[Round "7.9"]
[White "Cendejas, Juan"]
[Black "Urquhart, Joe"]
[Result "1-0"]
[WhiteElo "1763"]
[BlackElo "2028"]
[PlyCount "83"]
[EventDate "2010.??.??"]

1. e4 d6 2. d4 Nf6 3. Bd3 Nbd7 4. c4 g6 5. Nc3 Bg7 6. f4 e5 7. Nf3 exd4 8. Nxd4
Nc5 9. Bc2 O-O 10. O-O Re8 11. Re1 Bg4 12. Nf3 Nfd7 13. Bd2 Ne6 14. h3 Bxf3 15.
Qxf3 Nd4 16. Qd1 a6 17. Rb1 b5 18. cxb5 axb5 19. Be3 Nxc2 20. Qxc2 c6 21. Rbd1
Qb8 22. g4 Nc5 23. Bxc5 dxc5 24. e5 g5 25. Ne4 gxf4 26. Ng5 Rxe5 27. Qxh7+ Kf8
28. Qh5 Ra7 29. Qh4 Rxe1+ 30. Rxe1 Bd4+ 31. Kh1 Qd6 32. Nh7+ Kg7 33. g5 Bf2 34.
Qxf2 Kxh7 35. Qh4+ Kg7 36. Re8 Qd1+ 37. Kh2 Qd2+ 38. Kh1 Qc1+ 39. Kh2 Qxb2+ 40.
Kg1 Qb1+ 41. Re1 Qd3 $4 (41... Qh7) 42. Qh6+ 1-0

[Event "Mechanics' Peter Grey TNM; 30/90, SD/30"]
[Site "San Francisco"]
[Date "2010.09.07"]
[Round "6.19"]
[White "Chadwick, Richard"]
[Black "Dembling, Arthur"]
[Result "0-1"]
[WhiteElo "1687"]
[BlackElo "1738"]
[PlyCount "106"]
[EventDate "2010.??.??"]

1. e4 e6 2. d4 d5 3. e5 c5 4. c3 Nc6 5. Nf3 Bd7 6. Nbd2 cxd4 7. cxd4 Qb6 8. Nb3
Rc8 9. Bd2 Be7 10. Be2 f6 11. Bc3 fxe5 12. Nxe5 Nxe5 13. dxe5 Nh6 14. Qd4 Qxd4
15. Nxd4 a6 16. O-O O-O 17. f4 Nf5 18. Nxf5 Rxf5 19. g3 Bc5+ 20. Kg2 Bc6 21.
Bf3 d4 22. Bd2 Rf7 23. Rac1 Bxf3+ 24. Kxf3 Rfc7 25. Ke2 Kf7 26. Kd3 Bb6 27.
Rxc7+ Rxc7 28. Rc1 Rxc1 29. Bxc1 Ke7 30. b3 Kd7 31. Bb2 Kc6 32. Bxd4 Ba5 33. h3
Kd5 34. g4 g6 35. Bf2 Bb4 36. Ba7 Be1 37. Ke3 Bb4 38. Bb8 Bc5+ 39. Kd3 Ba3 40.
Ba7 Bc1 41. Be3 Ba3 42. Bf2 Be7 43. h4 h5 44. gxh5 gxh5 45. Be1 Bc5 46. Bg3 b6
47. Be1 b5 48. Bg3 Bg1 49. Be1 Bh2 50. Ke3 Bg1+ 51. Bf2 Bxf2+ 52. Kxf2 Ke4 53.
Kg3 b4 0-1

[Event "Mechanics' Peter Grey TNM; 30/90, SD/30"]
[Site "San Francisco"]
[Date "2010.08.03"]
[Round "1.7"]
[White "Chadwick, Richard"]
[Black "Manvelyan, Hayk"]
[Result "1/2-1/2"]
[WhiteElo "1687"]
[BlackElo "2151"]
[PlyCount "50"]
[EventDate "2010.??.??"]

1. e4 e5 2. Nf3 Nf6 3. Nc3 Nc6 4. Bc4 Bc5 5. d3 h6 6. O-O d6 7. h3 Qe7 8. Be3
Bxe3 9. fxe3 O-O 10. Qe2 Na5 11. Nd5 Nxd5 12. Bxd5 c6 13. Bb3 Nxb3 14. axb3 Be6
15. b4 a6 16. c3 Rad8 17. Rad1 Rd7 18. Qf2 f6 19. Nh4 Qf7 20. Qg3 Kh7 21. Rd2
Rfd8 22. Nf3 Qg6 23. Qxg6+ Kxg6 24. Rfd1 Bb3 25. Ra1 Be6 1/2-1/2

[Event "Mechanics' Peter Grey TNM; 30/90, SD/30"]
[Site "San Francisco"]
[Date "2010.08.24"]
[Round "4.24"]
[White "Chadwick, Richard"]
[Black "Poon, Brunston"]
[Result "1-0"]
[WhiteElo "1687"]
[BlackElo "1018"]
[PlyCount "79"]
[EventDate "2010.??.??"]

1. e4 c6 2. d4 d5 3. e5 Bf5 4. Bd3 Bxd3 5. Qxd3 e6 6. Ne2 Nd7 7. f4 c5 8. O-O
Ne7 9. Kh1 Qc7 10. Nbc3 c4 11. Qf3 a6 12. g4 g6 13. Ng3 Bg7 14. f5 gxf5 15.
gxf5 Nxf5 16. Nxf5 exf5 17. Qxf5 Nb6 18. Rg1 Kf8 19. Qg4 Rg8 20. Bh6 Bxh6 21.
Qxg8+ Ke7 22. Qxh7 Be3 23. Qh4+ Ke8 24. Rg8+ Kd7 25. Qh3+ Kc6 26. Rxa8 Nxa8 27.
Qxe3 Qe7 28. Qh6+ Kd7 29. Rf1 Nc7 30. Qg7 Ke8 31. Qg8+ Qf8 32. Qg2 b5 33. Nxd5
Nxd5 34. Qxd5 Qe7 35. Qa8+ Kd7 36. Qa7+ Ke8 37. Qxe7+ Kxe7 38. Rg1 Ke6 39. c3
Kd5 40. h4 1-0

[Event "Mechanics' Peter Grey TNM; 30/90, SD/30"]
[Site "San Francisco"]
[Date "2010.09.28"]
[Round "9.17"]
[White "Chadwick, Richard"]
[Black "Somerville, Kenneth"]
[Result "0-1"]
[WhiteElo "1687"]
[BlackElo "1698"]
[PlyCount "34"]
[EventDate "2010.??.??"]

1. e4 e6 2. d4 d5 3. e5 c5 4. c3 Nc6 5. Nf3 Nge7 6. Be3 Ng6 7. Nbd2 Be7 8. Bd3
O-O 9. O-O Bd7 10. Nb3 f5 11. Nxc5 Bxc5 12. dxc5 Ngxe5 13. Bg5 Nxf3+ 14. Qxf3
Qxg5 15. Rae1 Qg4 16. Qe3 f4 17. Qd2 f3 0-1

[Event "Mechanics' Peter Grey TNM; 30/90, SD/30"]
[Site "San Francisco"]
[Date "2010.08.10"]
[Round "2.24"]
[White "Chalissery, Jossy"]
[Black "Capdeville, Barry"]
[Result "1-0"]
[WhiteElo "1689"]
[BlackElo "1334"]
[PlyCount "93"]
[EventDate "2010.??.??"]

1. b3 Nf6 2. Bb2 d6 3. e3 e5 4. Be2 Be7 5. c4 b6 6. d3 Bb7 7. e4 Nc6 8. Nf3 O-O
9. Nc3 Nd4 10. Nxd4 exd4 11. Nd5 Nxd5 12. cxd5 Bf6 13. O-O Bc8 14. Bg4 Bxg4 15.
Qxg4 Qe7 16. Rac1 Rad8 17. Rc4 b5 18. Rc6 Qd7 19. Qxd7 Rxd7 20. Rfc1 Rc8 21.
Ra6 Ra8 22. Ra5 a6 23. Rc6 Kf8 24. Raxa6 Rxa6 25. Rxa6 Rd8 26. Ra7 Rc8 27. Ra6
Ke7 28. f4 g6 29. g4 Bg7 30. Ra7 Kd8 31. Rb7 Ke8 32. Ba3 Ra8 33. Bc1 Rxa2 34.
Rxc7 Ra1 35. g5 Rb1 36. Rc2 Rxb3 37. Rd2 Kd7 38. Kf2 f5 39. exf5 gxf5 40. Ke2
h5 41. Ra2 Ke7 42. Ra7+ Kf8 43. Rd7 Kg8 44. Rxd6 Bf8 45. Rd8 Kg7 46. d6 Ra3 47.
Bxa3 1-0

[Event "Mechanics' Peter Grey TNM; 30/90, SD/30"]
[Site "San Francisco"]
[Date "2010.09.14"]
[Round "7.22"]
[White "Chalissery, Jossy"]
[Black "Hilliard, Michael"]
[Result "1/2-1/2"]
[WhiteElo "1689"]
[BlackElo "1417"]
[PlyCount "108"]
[EventDate "2010.??.??"]

1. b3 e5 2. Bb2 Nc6 3. e3 d5 4. Bb5 Bd6 5. c4 Nf6 6. cxd5 Nxd5 7. Nc3 Be6 8.
Nge2 O-O 9. Bc4 Ncb4 10. a3 Nxc3 11. Nxc3 Bxc4 12. bxc4 Nd3+ 13. Ke2 Nxb2 14.
Qb3 Bxa3 15. Nd5 Nxc4 16. Qxc4 c6 17. Nc3 Bb2 18. Ra2 Bxc3 19. Qxc3 Qd5 20.
Rha1 a6 21. f3 f5 22. Ra5 b5 23. Rxa6 Rxa6 24. Rxa6 c5 25. Ra5 Rb8 26. g3 e4
27. f4 Qd3+ 28. Qxd3 exd3+ 29. Kxd3 Kf7 30. Ra7+ Ke6 31. Rxg7 Kd5 32. Rd7+ Kc6
33. Rxh7 Ra8 34. Rh6+ Kd5 35. Rf6 c4+ 36. Kc3 Ra3+ 37. Kb2 Rb3+ 38. Kc2 Ke4 39.
h4 b4 40. h5 Ra3 41. Rd6 Ra2+ 42. Kb1 b3 43. Rd4+ Kf3 44. h6 Ke2 45. h7 Ra8 46.
Rxc4 Kxd2 47. Kb2 Rh8 48. Rc7 Kxe3 49. Rc3+ Kf2 50. Kxb3 Rxh7 51. Kc4 Rg7 52.
Kd4 Re7 53. Kd5 Re4 54. Rd3 Kg2 1/2-1/2